=LDR 00000nam 2200000 4500 =001 INLIS000000000038664 =005 20130612144328 =008 ***********************************Ind** =035 ##$$0010-061300000038664 =041 ##$$a Ind =082 ##$$a 650.1 =090 ##$$a 650.1, Pra j =100 ##$$a Pranoto, Eka Dharma =245 ##$$a Jadi karyawan nggak kaya? Percuma..., Eka Dharma Pranoto; Editor, Benedicta Rini W =300 ##$$a xxvi,374 hlm, 23 cm =650 ##$$a Bisnis =700 ##$$a Rini, W Benedicta =850 ##$$a NBPNMAT =990 ##$$a 0001/BPAP-NTB/20142015 =990 ##$$a 2090100728/BPAP-NTB/2015